000 01340nam a22002177a 4500
003 OSt
005 20260512121736.0
008 260512b |||||||| |||| 00| 0 eng d
020 _a9781035020683
040 _aKenya National Library Service
082 _a813.6 EVE
100 _aEverest, Elaine
_eAuthor
245 _aA Christmas wish at woolworths /
_cElaine Everest.
300 _a355 pages ;
_c20 cm
520 _aKent, 1953. The Woolworths Erith store, a beloved cornerstone of the community, faces closure if the December turnover fails to increase. And, as if store manager Betty Billington doesn't have enough on her plate, personnel shortages and a troublesome new employee add to the strife. With Christmas on the horizon, Betty and her staff must strive to find solutions to improve business and keep the store running - from special events for late-night customers to a festive group trip into central London. The Erith Players pantomime also promises to draw a crowd, injecting excitement into the local community. With the shop festooned with decorations, lifting the spirits of both customers and Betty, can a Christmas miracle save the beloved store?.
650 _aChristmas
_vFiction.
650 _aRomance 
_vFiction
942 _2ddc
_cBK
_n0
999 _c492712
_d492712